Super moldes em inglês (Registo nº 3425)

Detalhes MARC
000 -Etiqueta do registo
Cabeçalho 00652nam a22002531 4500
005 - Identificador da versão
Campo de controlo 20240813122001.0
010 ## - Número internacional normalizado dos livros (ISBN)
Número (ISBN) 9727568025
100 ## - Dados gerais de processamento
Dados gerais de processamento 20051011d200- bc y0pory5003 ba
102 ## - Pais de publicação ou produção
País de publicação Portugal
101 0# - Língua de publicação
Língua do texto, banda sonora, etc. Português
106 ## - Campo de dados codificados: material textual
Dados codificados do material textual r
105 ## - Campo de dados codificados: livros
Dados codificados dos livros k z 000yy
215 ## - Descrição física 
Indicação específica da natureza do documento e extensão da espécie [10] p.
Outras indicações físicas il.
Dimensões 23x25 cm
200 1# - Titulo e menção de responsabilidade
Título próprio Super moldes em inglês
Primeira menção de responsabilidade Girassol
210 ## - Publicação, Distribuição, etc. 
Lugar da edição, distribuição, etc. Sintra
Nome do editor, distribuidor, etc. Girassol
Data da publicação, distribuição, etc. [200-]
300 ## - Notas gerais 
Texto da nota Contém 8 moldes integrados nas folhas
606 ## - Nome comum usado como assunto
Número de registo de entrada de autoridade 0001439
Palavra de ordem Arte
Subdivisão de assunto Trabalhos manuais
675 ## - Classificação Decimal Universal (CDU)
Notação 76
Edição
Língua da edição por
710 02 - Nome de colectividade-autor (responsabilidade principal)
Número de registo de entrada de autoridade 0001014
Palavra de ordem Girassol
942 ## - Elementos de entrada adicionados (Koha)
Tipo de item no Koha Livro
Exemplares
Situação do levantamento Origin of item (home branch) (coded) Biblioteca de empréstimo Código de barras Cota Circulation type (not for loan) Tipo de documento Nota do exemplar Damaged status
  Biblioteca Escolar da Coca Maravilhas Biblioteca Escolar da Coca Maravilhas BECM7119/05 7TMA GIR   Livro Sem mensagem